000 02023cam a2200421 i 4500
001 2229
003 FISKH
005 20231113102140.0
008 130503s2013 dcua j b 001 0 eng
010 _a 2013004773
020 _a9781426309540 (reinforced library binding)
020 _a9781426309359 (pbk.)
020 _a9780545529877
040 _aDLC
_beng
_cDLC
_erda
_dDLC
042 _apcc
050 0 0 _aQL85
_b.S525 2013
082 0 0 _a591.5
_223
084 _aJNF047000
_aJNF002000
_aJNF003000
_2bisacsh
100 1 _aShields, Amy.
245 1 0 _aBest friends forever! :
_band more true stories of animal friendships /
_cby Amy Shields.
260 _aNew York :
_bScholastic,
_c2013.
300 _a111 pages :
_bcolor illustrations ;
_c20 cm
336 _atext
_2rdacontent
337 _aunmediated
_2rdamedia
338 _avolume
_2rdacarrier
490 0 _aNational geographic kids. Chapters
505 _aP
520 _aThis is the first in a line of four books within the National Geographic Kids Chapters series that explore unexpected animal bonds. In this book you'll meet four unlikely pairings, including Billy and Lilly. Billy the boxer adopted Lilly the goat when she was abandoned by her mother. Billy and Lilly are rarely apart since Billy has taken on the role of Lilly's protector, caretaker, and constant companion. This and the other stories in this book will enchant readers and empower them to devour the more text-heavy "grown up" style of the book, while still keeping the story easily digestible for a hesitant reader.
521 2 _a620
_bLexile
521 2 _aP
_bRaz-Plus
650 0 _aHuman-animal relationships
_vJuvenile literature.
650 7 _aJUVENILE NONFICTION / Readers / Chapter Books.
_2bisacsh
650 7 _aJUVENILE NONFICTION / Adventure & Adventurers.
_2bisacsh
650 7 _aJUVENILE NONFICTION / Animals / General.
_2bisacsh
856 4 2 _3Cover image
_u9781426309359.jpg
906 _a7
_bcbc
_corignew
_d1
_eecip
_f20
_gy-gencatlg
942 _2ddc
_cBK
_n0
999 _c2229
_d2229